|
|
|
|
| LEADER |
00000nam a2200000 i 4500 |
| 001 |
IT\ICCU\LO1\0858995 |
| 003 |
ItRI |
| 005 |
20250801151345.0 |
| 008 |
040628s2004 it |||||| ||||| |||||c |
| 015 |
|
|
|2 IT
|a 2005-7187
|
| 020 |
|
|
|a 8879812483
|
| 040 |
|
|
|b ita
|c CDM
|
| 041 |
|
7 |
|a ita
|2 ISO-639-2
|
| 082 |
|
|
|a 338.9402
|2 21
|
| 100 |
1 |
|
|a Messina, Salvo,
|d (1948- )
|0 IT\ICCU\PALV\044346
|4 aut
|
| 245 |
1 |
3 |
|a La progettazione di attività di sviluppo :
|b cofinanziate con risorse comunitarie : guida pratica /
|c Salvo Messina, Antonio Viccaro.
|
| 260 |
|
|
|a Roma :
|b Datanews,
|c 2004
|
| 300 |
|
|
|a 149 p. ;
|c 24 cm.
|
| 650 |
|
7 |
|a Sviluppo economico
|x Finanziamenti comunitari
|
| 700 |
1 |
|
|a Viccaro, Antonio
|0 IT\ICCU\LO1V\288590
|4 aut
|
| 830 |
|
0 |
|a Explorer
|0 IT\ICCU\BVE\0226934
|
| 942 |
|
|
|2 ddc
|c BK
|
| 952 |
|
|
|0 0
|1 0
|2 ddc
|4 0
|5 1
|6 338_940200000000000_MES_PRO
|7 1
|9 1579
|a RA
|b RA
|d 2024-07-08
|l 0
|o 338.9402 MES PRO
|p 9328
|r 2024-07-08 18:01:15
|w 2024-07-08
|y BK
|
| 952 |
|
|
|0 0
|1 0
|2 ddc
|4 0
|6 B_SIS07MESSAPRO11
|7 0
|9 7481
|a MI
|b MI
|d 2011-02-23
|i 6070
|l 0
|o B-SIS07-MESSA-PRO11
|p CDOM6070
|r 2025-07-13 16:28:41
|w 2025-07-13
|x DONO
|y BK
|
| 981 |
|
1 |
|6 z01
|a i
|b xxxe
|
| 982 |
|
1 |
|6 z01
|a n
|
| 999 |
|
|
|c 1398
|d 1398
|